[Event "Mittelfranken-chTB2a 1516"]
[Site "Mittelfranken"]
[Date "2016.04.17"]
[Round "9.4"]
[White "Christ, Helmut"]
[Black "Dyroff, Roland"]
[Result "1/2-1/2"]
[WhiteElo "1665"]
[BlackElo "1823"]
[PlyCount "25"]
[EventDate "2015.10.18"]
[EventType "team-tourn"]
[EventRounds "9"]
[EventCountry "GER"]
[SourceTitle "EXT 2020"]
[Source "ChessBase"]
[SourceDate "2019.10.17"]
[SourceVersion "1"]
[SourceVersionDate "2019.10.17"]
[SourceQuality "1"]
[WhiteTeam "Bechhofen II"]
[BlackTeam "Nuernberg Sued SW IV"]
[WhiteTeamCountry "GER"]
[BlackTeamCountry "GER"]

1. d4 Nf6 2. c4 b6 3. Nc3 Bb7 4. e3 e6 5. Nf3 d5 6. a3 dxc4 7. Bxc4 c5 8. 0-0 cxd4 9. Qxd4 Nc6 10. Qxd8+ Rxd8 11. Be2 Be7 12. Bd2 0-0 13. Rfd1 1/2-1/2

[Event "Mittelfranken-chTB2a 1516"]
[Site "Mittelfranken"]
[Date "2015.11.22"]
[Round "3.4"]
[White "Birkmann, Guenther"]
[Black "Christ, Helmut"]
[Result "1-0"]
[WhiteElo "1951"]
[BlackElo "1665"]
[PlyCount "49"]
[EventDate "2015.10.18"]
[EventType "team-tourn"]
[EventRounds "9"]
[EventCountry "GER"]
[SourceTitle "EXT 2020"]
[Source "ChessBase"]
[SourceDate "2019.10.17"]
[SourceVersion "1"]
[SourceVersionDate "2019.10.17"]
[SourceQuality "1"]
[WhiteTeam "Zirndorf II"]
[BlackTeam "Bechhofen II"]
[WhiteTeamCountry "GER"]
[BlackTeamCountry "GER"]

1. Nf3 d5 2. d4 e6 3. g3 h6 4. Bg2 Nf6 5. 0-0 c5 6. c4 Nc6 7. Nc3 dxc4 8. Qa4 Bd7 9. Qxc4 cxd4 10. Nxd4 Rc8 11. Rd1 Nxd4 12. Qxd4 Bc5 13. Qd3 Qc7 14. Nb5 Qb6 15. Nd6+ Bxd6 16. Qxd6 Qxd6 17. Rxd6 Ke7 18. Bf4 Ne8 19. Rd2 Bc6 20. Rad1 Bxg2 21. Rd7+ Kf6 22. Kxg2 g5 23. Be3 Rc2 24. Rxb7 Rxe2 25. Rdd7 1-0

[Event "Mittelfranken-chTB2a 1516"]
[Site "Mittelfranken"]
[Date "2015.10.18"]
[Round "1.5"]
[White "Christ, Helmut"]
[Black "Veh Hoelzlein, Michael"]
[Result "0-1"]
[WhiteElo "1665"]
[BlackElo "1950"]
[PlyCount "58"]
[EventDate "2015.10.18"]
[EventType "team-tourn"]
[EventRounds "9"]
[EventCountry "GER"]
[SourceTitle "EXT 2020"]
[Source "ChessBase"]
[SourceDate "2019.10.17"]
[SourceVersion "1"]
[SourceVersionDate "2019.10.17"]
[SourceQuality "1"]
[WhiteTeam "Bechhofen II"]
[BlackTeam "Cadolzburg"]
[WhiteTeamCountry "GER"]
[BlackTeamCountry "GER"]

1. d4 Nf6 2. Nf3 e6 3. c4 d5 4. Nc3 c6 5. Bg5 Be7 6. e3 0-0 7. Rc1 Nbd7 8. Bd3 h6 9. Bxf6 Bxf6 10. 0-0 Qe7 11. cxd5 exd5 12. Bb1 Re8 13. Ne2 Nf8 14. h3 Ne6 15. Ng3 g6 16. Qc2 Ng5 17. Nxg5 hxg5 18. Qc5 Qd8 19. Rfe1 Be7 20. Qc3 Bd6 21. Nf1 g4 22. hxg4 Bxg4 23. Bd3 Kg7 24. g3 Rh8 25. Nh2 Rxh2 26. Kxh2 Qh4+ 27. Kg1 Bxg3 28. fxg3 Qxg3+ 29. Kf1 Rh8 0-1

[Event "Mittelfranken-chTB2a 1415"]
[Site "Mittelfranken"]
[Date "2014.09.28"]
[Round "1.6"]
[White "Margraf, Christoph"]
[Black "Christ, Helmut"]
[Result "1-0"]
[WhiteElo "1862"]
[BlackElo "1665"]
[PlyCount "63"]
[EventDate "2014.09.28"]
[EventType "team-tourn"]
[EventRounds "9"]
[EventCountry "GER"]
[SourceTitle "EXT 2020"]
[Source "ChessBase"]
[SourceDate "2019.10.17"]
[SourceVersion "1"]
[SourceVersionDate "2019.10.17"]
[SourceQuality "1"]
[WhiteTeam "Bad Windsheim/Ansbach"]
[BlackTeam "Bechhofen II"]
[WhiteTeamCountry "GER"]
[BlackTeamCountry "GER"]

1. d4 d5 2. Nc3 e6 3. e4 dxe4 4. Nxe4 Nf6 5. Nxf6+ Qxf6 6. Nf3 Bd7 7. Bg5 Qf5 8. Bd3 Qa5+ 9. Bd2 Qb6 10. 0-0 Be7 11. Re1 Nc6 12. c3 0-0 13. b4 Bf6 14. a4 a5 15. b5 Ne7 16. Bg5 Bxg5 17. Nxg5 h6 18. Nf3 c5 19. Ne5 Bc8 20. Nc4 Qc7 21. dxc5 Qxc5 22. Re5 Qc7 23. b6 Qd8 24. Be4 Nc6 25. Bxc6 bxc6 26. Qxd8 Rxd8 27. Rxa5 Ba6 28. Ne5 Bb7 29. Rxa8 Rxa8 30. a5 Kf8 31. Nd7+ Ke7 32. Nc5 1-0

[Event "Mittelfranken-chTB2a 1314"]
[Site "Mittelfranken"]
[Date "2014.01.12"]
[Round "4.7"]
[White "Heinz, Manfred"]
[Black "Christ, Helmut"]
[Result "1-0"]
[WhiteElo "1728"]
[BlackElo "1665"]
[PlyCount "71"]
[EventDate "2013.10.20"]
[EventType "team-tourn"]
[EventRounds "9"]
[EventCountry "GER"]
[SourceTitle "EXT 2020"]
[Source "ChessBase"]
[SourceDate "2019.10.17"]
[SourceVersion "1"]
[SourceVersionDate "2019.10.17"]
[SourceQuality "1"]
[WhiteTeam "Heilsbronn"]
[BlackTeam "Bechhofen II"]
[WhiteTeamCountry "GER"]
[BlackTeamCountry "GER"]

1. Nf3 d5 2. c4 c6 3. d4 Nf6 4. Nc3 Nbd7 5. Bf4 e6 6. e3 Qa5 7. Bd3 Bb4 8. Qc2 dxc4 9. Bxc4 Nb6 10. Bc7 Ne4 11. Rc1 Nxc3 12. bxc3 Be7 13. Bd3 Qh5 14. 0-0 Nd5 15. Bg3 0-0 16. Rb1 b6 17. c4 Nb4 18. Qb3 Nxd3 19. Qxd3 c5 20. Qe4 Ba6 21. d5 Bb7 22. Ne5 exd5 23. cxd5 Bf6 24. Nc6 Rfe8 25. Qc4 Bxc6 26. dxc6 Be5 27. Rfd1 Bxg3 28. hxg3 Qg6 29. Qd5 Qe6 30. Qxe6 fxe6 31. Rd7 h6 32. Rbd1 Kh7 33. c7 Rec8 34. Re7 Re8 35. Rxe8 Rxe8 36. Rd8 1-0

[Event "Mittelfranken-chTB2a 1213"]
[Site "Germany"]
[Date "2013.01.27"]
[Round "1.8"]
[White "Christ, Helmut"]
[Black "Keller, Gerhard"]
[Result "0-1"]
[WhiteElo "1623"]
[BlackElo "1967"]
[PlyCount "58"]
[EventDate "2012.10.07"]
[EventType "team-tourn"]
[EventRounds "9"]
[EventCountry "GER"]
[SourceTitle "EXT 2019"]
[Source "ChessBase"]
[SourceDate "2018.10.10"]
[SourceVersion "1"]
[SourceVersionDate "2018.10.10"]
[SourceQuality "1"]
[WhiteTeam "Bechhofen II"]
[BlackTeam "Nuernberg Zabo"]
[WhiteTeamCountry "GER"]
[BlackTeamCountry "GER"]

1. d4 f5 2. c4 Nf6 3. Nf3 g6 4. Nc3 Bg7 5. e3 d6 6. Bd3 c6 7. 0-0 0-0 8. h3 Qc7 9. Bd2 e5 10. dxe5 dxe5 11. e4 Rd8 12. Qe2 f4 13. Rac1 h6 14. b4 g5 15. Nh2 Qd6 16. Be1 Qxb4 17. Nd5 Qd6 18. c5 Qd7 19. Nxf6+ Bxf6 20. Bc4+ Kh7 21. Bc3 Qe7 22. Ng4 Bg7 23. Rcd1 Rxd1 24. Rxd1 Nd7 25. Qb2 h5 26. Rxd7 Bxd7 27. Nxe5 Be8 28. Bd3 Rd8 29. Bc2 Qxc5 0-1

[Event "Regionalliga NO 1112"]
[Site "Bayern"]
[Date "2012.01.15"]
[Round "5.8"]
[White "Christ, Helmut"]
[Black "Eichinger, Christoph"]
[Result "0-1"]
[WhiteElo "1668"]
[BlackElo "1987"]
[PlyCount "58"]
[EventDate "2011.10.02"]
[EventType "team-tourn"]
[EventRounds "9"]
[EventCountry "GER"]
[SourceTitle "EXT 2013"]
[Source "ChessBase"]
[SourceDate "2012.11.22"]
[SourceVersion "1"]
[SourceVersionDate "2012.11.22"]
[SourceQuality "1"]
[WhiteTeam "Bechhofen"]
[BlackTeam "Kareth Lappersdorf"]
[WhiteTeamCountry "GER"]
[BlackTeamCountry "GER"]

1. d4 Nf6 2. c4 g6 3. Nc3 Bg7 4. e4 d6 5. Nf3 0-0 6. Be3 Nbd7 7. h3 e5 8. Bd3 exd4 9. Bxd4 c6 10. 0-0 Qa5 11. a3 Ne5 12. b4 Qc7 13. Rc1 h6 14. Nxe5 dxe5 15. Be3 Be6 16. c5 Rad8 17. Qe2 Nh5 18. Bb1 Nf4 19. Qb2 Qe7 20. Kh2 Qh4 21. Bxf4 exf4 22. Qe2 Be5 23. f3 Rd7 24. Rfd1 Rfd8 25. Rxd7 Rxd7 26. Bd3 Qg3+ 27. Kh1 Bxh3 28. gxh3 Qxh3+ 29. Kg1 Bd4+ 0-1

[Event "Mittelfranken-chT 0405"]
[Site "Germany"]
[Date "2005.04.03"]
[Round "8.8"]
[White "Christ, Helmut"]
[Black "Hoerath, Michael"]
[Result "1-0"]
[WhiteElo "1697"]
[BlackElo "1825"]
[PlyCount "119"]
[EventDate "2004.10.17"]
[EventType "team"]
[EventRounds "9"]
[EventCountry "GER"]
[SourceTitle "EXT 2007"]
[Source "ChessBase"]
[SourceDate "2006.11.23"]
[SourceVersion "1"]
[SourceVersionDate "2006.11.23"]
[SourceQuality "1"]

1. d4 Nf6 2. Nf3 b6 3. c4 Bb7 4. Nc3 e6 5. e3 Be7 6. Be2 0-0 7. 0-0 d5 8. cxd5 Nxd5 9. Bd2 c5 10. dxc5 Bxc5 11. Rc1 Nd7 12. Nxd5 Bxd5 13. a3 Qe7 14. Bc3 Rfd8 15. Qa4 Nf6 16. Nd2 Bb7 17. Bf3 Nd5 18. Ne4 Nxe3 19. Nxc5 Bxf3 20. fxe3 Bxg2 21. Qg4 g6 22. Qxg2 Qxc5 23. Qf3 Qf5 24. Qg3 Qb5 25. Rf3 Rd5 26. Qf4 Qd7 27. Rcf1 f5 28. Qh4 Rf8 29. Qh6 Rd1 30. h4 Rxf1+ 31. Rxf1 Qc7 32. Qg5 e5 33. h5 Rf7 34. Rd1 Rd7 35. Rf1 Rg7 36. h6 Rf7 37. Qg3 f4 38. Qg2 f3 39. Rxf3 Rxf3 40. Qxf3 e4 41. Qf4 Qe7 42. Kf2 Qe6 43. Kg3 a6 44. Bg7 Qe7 45. Bd4 b5 46. Qe5 Kf7 47. Qg7+ Ke6 48. Qxe7+ Kxe7 49. Kf4 Ke6 50. Kxe4 Kd6 51. Bc3 Ke6 52. Kf4 Kd5 53. e4+ Ke6 54. Bd4 Kd6 55. e5+ Kd5 56. b4 Ke6 57. Ke4 Kd7 58. Kd5 g5 59. e6+ Ke7 60. Bc5+ 1-0